| 000 | 00765nmc a2200277 a 4500 | ||
|---|---|---|---|
| 003 | AR-BaBNM | ||
| 005 | 20251128211543.0 | ||
| 008 | 224120s2003 ||||||||||||||000 | spa|| | ||
| 020 | _a958-20-0728-1 | ||
| 040 | _cAR-BaBNM | ||
| 100 | 1 | _aMagendzo, Abraham | |
| 245 | 1 | 0 | _aTransversalidad y currículum |
| 250 | _a1ª ed. | ||
| 260 |
_aSantafé de Bogotá _bCooperativa Editorial Magisterio _c2003 |
||
| 300 | 0 |
_a107 p. _btablas |
|
| 490 | 0 | _aTransversales. Marco general | |
| 504 | _aContiene referencias bibliográficas p. 103-105 | ||
| 650 | 4 | _aCURRICULO | |
| 650 | 4 | _aDIDACTICA | |
| 650 | 4 | _aEVALUACION DEL CURRICULO | |
| 650 | 4 | _aRECURSOS DIDACTICOS | |
| 651 | 4 | _aColombia | |
| 653 | _aTEMAS TRANSVERSALES | ||
| 942 | _cBK | ||
| 998 | _craquel | ||
| 999 |
_c20161 _d20161 |
||